[Event "AUT-chT2M 2324"]
[Site "Austria"]
[Date "2023.11.05"]
[Round "3.4"]
[White "Mayerhofer, Peter"]
[Black "Marakovits, Nico"]
[Result "1/2-1/2"]
[WhiteElo "2153"]
[BlackElo "2324"]
[PlyCount "205"]
[EventDate "2023.11.03"]
[EventType "team-tourn"]
[EventRounds "11"]
[EventCountry "AUT"]
[SourceTitle "CB46_2023"]
[SourceDate "2023.11.15"]
[SourceVersion "1"]
[SourceVersionDate "2023.11.15"]
[SourceQuality "1"]
[WhiteTeam "Freistadt/Wartberg"]
[BlackTeam "Fuerstenfeld/Hartberg"]
[WhiteTeamCountry "AUT"]
[BlackTeamCountry "AUT"]

1. e4 e6 2. d4 d5 3. Nc3 Bb4 4. Nge2 dxe4 5. a3 Be7 6. Nxe4 Nf6 7. N2c3 0-0 8. Be3 Nd5 9. Nxd5 exd5 10. Ng3 Bg5 11. Bxg5 Qxg5 12. Qd2 Qxd2+ 13. Kxd2 Nc6 14. c3 Bd7 15. Bd3 Rfe8 16. Rae1 Ne7 17. Re3 Kf8 18. Rhe1 g6 19. f3 Ng8 20. Rxe8+ Bxe8 21. Ne2 Nf6 22. Nf4 g5 23. Ne2 Bd7 24. Ng3 Rd8 25. Re5 h6 26. Nf5 Bxf5 27. Bxf5 Ne8 28. Bd3 f6 29. Re1 Rd6 30. Bg6 Ng7 31. Bd3 Kf7 32. g3 Rb6 33. Kc2 Rd6 34. Kd2 Rd8 35. Re2 Rh8 36. Ke1 h5 37. Kf2 h4 38. Kg1 Ne8 39. Bf5 Ng7 40. Bd3 Rd8 41. Kg2 c6 42. Re1 Rh8 43. Re2 Rc8 44. Re1 b6 45. Re2 c5 46. c4 cxd4 47. cxd5 hxg3 48. hxg3 Rd8 49. Rc2 Ne8 50. f4 gxf4 51. gxf4 Kg7 52. Re2 Kf8 53. Re6 Rxd5 54. Bg6 Nd6 55. Bd3 Kf7 56. Re1 Rc5 57. Kf3 Rh5 58. Kg3 a5 59. Kg2 Rc5 60. Kf3 Rc8 61. Kf2 Rh8 62. Kg3 Re8 63. Rxe8 Kxe8 64. Kf3 Kd7 65. Ke2 Ke6 66. Kd2 Kd5 67. b3 Ne4+ 68. Ke2 Nc5 69. Bc2 b5 70. Bh7 b4 71. axb4 axb4 72. Bg6 Ke6 73. Bh7 Kd5 74. Bg6 Ke6 75. Bh7 Kf7 76. Bc2 Kg7 77. Kf2 Kh6 78. Kf3 Kh5 79. Kg3 Nb7 80. Bd1+ Kg6 81. Bc2+ f5 82. Kf3 Kf6 83. Ke2 Nc5 84. Bd1 Ne4 85. Bc2 Nc5 86. Bd1 Ke6 87. Kd2 Kd6 88. Bc2 Kd5 89. Ke2 d3+ 90. Bxd3 Nxb3 91. Ke3 Nd4 92. Kd2 Nf3+ 93. Ke3 Nh4 94. Bf1 Kc5 95. Bd3 b3 96. Kf2 Kd4 97. Bb1 b2 98. Kg3 Ke3 99. Kxh4 Kxf4 100. Kh5 Ke5 101. Kg5 f4 102. Kg4 Kd4 103. Kxf4 1/2-1/2

[Event "AUT-chT U18 rapid"]
[Site "Vienna"]
[Date "2023.10.29"]
[Round "3.1"]
[White "Gschiel, Alexander"]
[Black "Marakovits, Nico"]
[Result "0-1"]
[WhiteElo "2253"]
[BlackElo "2321"]
[PlyCount "46"]
[EventDate "2023.10.29"]
[EventType "team-swiss"]
[EventRounds "7"]
[EventCountry "AUT"]
[SourceTitle "Mega2024 Update 01"]
[Source "Chessbase"]
[SourceDate "2023.11.12"]
[SourceVersion "1"]
[SourceVersionDate "2023.11.12"]
[SourceQuality "1"]
[WhiteTeam "Burgenland U18"]
[BlackTeam "Steiermark U18"]
[WhiteTeamCountry "AUT"]
[BlackTeamCountry "AUT"]

1. d4 Nf6 2. c4 e6 3. Nf3 d5 4. g3 dxc4 5. Bg2 Nc6 6. 0-0 Rb8 7. a4 a6 8. Nc3 Bb4 9. Bg5 h6 10. d5 Bxc3 11. dxc6 Qxd1 12. Raxd1 Bxb2 13. Be3 Nd5 14. Ba7 Ra8 15. Bd4 Bxd4 16. Nxd4 bxc6 17. Nxc6 Bd7 18. Ne5 Bxa4 19. Rxd5 exd5 20. Bxd5 0-0 21. Nxf7 Rxf7 22. Bxa8 c6 23. e4 Ra7 0-1

[Event "AUT-ch"]
[Site "Vienna"]
[Date "2023.07.26"]
[Round "5"]
[White "Marakovits, Nico"]
[Black "Vistisen, Lars"]
[Result "1-0"]
[WhiteElo "2324"]
[BlackElo "2052"]
[PlyCount "69"]
[EventDate "2023.07.22"]
[EventType "swiss"]
[EventRounds "9"]
[EventCountry "AUT"]
[SourceTitle "CBM 215 Extra"]
[Source "ChessBase"]
[SourceDate "2023.09.30"]
[SourceVersion "1"]
[SourceVersionDate "2023.09.30"]
[SourceQuality "1"]

1. d4 Nf6 2. c4 c5 3. d5 e6 4. Nc3 exd5 5. cxd5 d6 6. e4 g6 7. f4 Bg7 8. Bb5+ Nfd7 9. a4 a6 10. Be2 Qh4+ 11. g3 Qe7 12. Nf3 0-0 13. 0-0 Nf6 14. e5 Ne8 15. Re1 Bg4 16. Nd2 Bh3 17. Nc4 dxe5 18. d6 Qd8 19. fxe5 Nc6 20. Bf3 Be6 21. Bd5 Nd4 22. Be3 Rc8 23. a5 Kh8 24. Bxd4 cxd4 25. Bxe6 dxc3 26. Bxc8 Qxc8 27. Qd5 c2 28. Rac1 Qf5 29. d7 Nc7 30. d8Q Nxd5 31. Qxd5 Bh6 32. Ne3 Qc8 33. Qe4 Rd8 34. Rxc2 Bxe3+ 35. Rxe3 1-0

[Event "AUT-ch"]
[Site "Vienna"]
[Date "2023.07.24"]
[Round "3"]
[White "Marakovits, Nico"]
[Black "Hoegl, Emanuel"]
[Result "0-1"]
[WhiteElo "2324"]
[BlackElo "2083"]
[PlyCount "118"]
[EventDate "2023.07.22"]
[EventType "swiss"]
[EventRounds "9"]
[EventCountry "AUT"]
[SourceTitle "CBM 215 Extra"]
[Source "ChessBase"]
[SourceDate "2023.09.30"]
[SourceVersion "1"]
[SourceVersionDate "2023.09.30"]
[SourceQuality "1"]

1. c4 c6 2. e4 d5 3. exd5 cxd5 4. cxd5 Nf6 5. Nc3 Nxd5 6. Nf3 Nc6 7. d4 Bg4 8. Qb3 Bxf3 9. gxf3 e6 10. Qxb7 Nxd4 11. Bb5+ Nxb5 12. Qc6+ Ke7 13. Qc5+ Nd6 14. Nxd5+ Kd7 15. Nc3 Qc8 16. Qh5 Qb7 17. Rg1 g6 18. Qe5 Be7 19. Bf4 f6 20. Qe2 e5 21. 0-0-0 Rac8 22. Rge1 Rhe8 23. Rd3 Bf8 24. Bd2 Ke6 25. Kb1 Nc4 26. Bc1 Bb4 27. Qe4 Qxe4 28. Rxe4 Na3+ 29. bxa3 Rxc3 30. Rxc3 Bxc3 31. Be3 Kd5 32. Ra4 a5 33. Kc2 Rc8 34. Kd3 Rc6 35. f4 exf4 36. Bxf4 g5 37. Be3 h5 38. h4 g4 39. Rf4 Be5 40. Ra4 Bc3 41. Bd2 Bxd2 42. Kxd2 Rc5 43. Kd3 f5 44. Rd4+ Ke5 45. Ra4 f4 46. Re4+ Kf5 47. Re8 Rd5+ 48. Kc4 Re5 49. Ra8 Ke4 50. Rf8 g3 51. fxg3 fxg3 52. Rg8 Kf3 53. Rf8+ Kg4 54. Kd4 Re1 55. Kd3 Kxh4 56. Kd2 Re5 57. Rg8 Rg5 58. Rxg5 Kxg5 59. Ke3 Kg4 0-1

[Event "AUT-ch"]
[Site "Vienna"]
[Date "2023.07.22"]
[Round "1"]
[White "Marakovits, Nico"]
[Black "Yarikov, Artem"]
[Result "0-1"]
[WhiteElo "2324"]
[BlackElo "2022"]
[PlyCount "136"]
[EventDate "2023.07.22"]
[EventType "swiss"]
[EventRounds "9"]
[EventCountry "AUT"]
[SourceTitle "CBM 215 Extra"]
[Source "ChessBase"]
[SourceDate "2023.09.30"]
[SourceVersion "1"]
[SourceVersionDate "2023.09.30"]
[SourceQuality "1"]

1. d4 d5 2. c4 e6 3. Nc3 Nf6 4. Bg5 Be7 5. e3 h6 6. Bh4 0-0 7. Nf3 b6 8. cxd5 Nxd5 9. Bxe7 Qxe7 10. Nxd5 exd5 11. Qd2 Be6 12. Bd3 c5 13. 0-0 Nd7 14. dxc5 bxc5 15. Rac1 Rab8 16. b3 Rfc8 17. h3 c4 18. Bc2 Qa3 19. Nd4 Nc5 20. f4 Bd7 21. Bf5 cxb3 22. Bxd7 Nxd7 23. Nxb3 Nf6 24. Kh2 Rc4 25. Rc2 Rbc8 26. Rfc1 Qe7 27. Rxc4 dxc4 28. Na5 Qe4 29. Kg1 Nd5 30. Kf2 c3 31. Qd4 Qxd4 32. exd4 c2 33. Ke2 Nxf4+ 34. Kd2 Nxg2 35. Rxc2 Rxc2+ 36. Kxc2 f5 37. Nc6 Kf7 38. Nxa7 Ke6 39. Nc6 g5 40. a4 Kd5 41. Ne7+ Ke6 42. Ng6 Ne3+ 43. Kd3 Nd5 44. a5 f4 45. Ne5 h5 46. Ke4 Nc3+ 47. Kd3 Nd5 48. Kc4 Nc7 49. Nd3 f3 50. Nc5+ Kd6 51. Ne4+ Kc6 52. Kd3 g4 53. h4 Nd5 54. Ng3 Nf4+ 55. Ke4 Ng6 56. d5+ Kc7 57. Nxh5 Nxh4 58. Ng3 Ng6 59. Nf5 f2 60. Ng3 Nf8 61. Ke5 Nd7+ 62. Ke6 Nc5+ 63. Ke7 Ne4 64. Nf1 g3 65. d6+ Nxd6 66. Nxg3 Nf5+ 67. Nxf5 f1Q 68. Nd4 Qe1+ 0-1

[Event "AUT-ch U18"]
[Site "St Veit"]
[Date "2023.04.04"]
[Round "4"]
[White "Marakovits, Nico"]
[Black "Balint, Peter1111"]
[Result "1-0"]
[WhiteElo "2142"]
[BlackElo "2217"]
[PlyCount "71"]
[EventDate "2023.04.02"]
[EventType "swiss"]
[EventRounds "7"]
[EventCountry "AUT"]
[SourceTitle "EXT 2024"]
[Source "ChessBase"]
[SourceDate "2023.10.10"]
[SourceVersion "1"]
[SourceVersionDate "2023.10.10"]
[SourceQuality "1"]

1. d4 Nf6 2. c4 g6 3. f3 c5 4. d5 d6 5. Nc3 Bg7 6. e4 0-0 7. Nge2 e6 8. Ng3 exd5 9. cxd5 Na6 10. Be2 Nc7 11. 0-0 a6 12. a4 Rb8 13. a5 b5 14. axb6 Rxb6 15. f4 Nd7 16. Qc2 Bd4+ 17. Kh1 Nb5 18. Bd2 Qf6 19. Rae1 Qg7 20. Bd3 Bf6 21. e5 dxe5 22. Bxb5 axb5 23. Nce4 Be7 24. fxe5 Nxe5 25. Ba5 Ra6 26. Bc7 Nc4 27. b3 Na3 28. Qc1 c4 29. d6 Bd8 30. Bxd8 Rxd8 31. Nf6+ Kf8 32. Qe3 Be6 33. Qc5 Qh8 34. d7+ Kg7 35. Ngh5+ Kh6 36. h4 1-0

[Event "AUT-ch U18"]
[Site "St Veit"]
[Date "2023.04.02"]
[Round "1"]
[White "Warzycha, Gerwin"]
[Black "Marakovits, Nico"]
[Result "0-1"]
[WhiteElo "1686"]
[BlackElo "2142"]
[PlyCount "158"]
[EventDate "2023.04.02"]
[EventType "swiss"]
[EventRounds "7"]
[EventCountry "AUT"]
[SourceTitle "EXT 2024"]
[Source "ChessBase"]
[SourceDate "2023.10.10"]
[SourceVersion "1"]
[SourceVersionDate "2023.10.10"]
[SourceQuality "1"]

1. d4 Nf6 2. c4 e6 3. Nf3 d5 4. Nc3 Bb4 5. cxd5 exd5 6. Bg5 c6 7. Qc2 h6 8. Bxf6 Qxf6 9. e3 Bf5 10. Bd3 Bxd3 11. Qxd3 Nd7 12. a3 Bd6 13. b4 a6 14. Rb1 Qe7 15. Na4 b5 16. Nc5 Nb6 17. 0-0 0-0 18. Nd2 a5 19. e4 axb4 20. axb4 dxe4 21. Qxe4 Qc7 22. Nf3 Rfe8 23. Qg4 Bxc5 24. dxc5 Nd5 25. Nd4 Nf6 26. Qg3 Qxg3 27. hxg3 Ra6 28. Rfe1 Rxe1+ 29. Rxe1 Nd5 30. Rb1 g6 31. g4 Kf8 32. g3 Nf6 33. Nb3 Nd5 34. Nd4 Nf6 35. Nb3 Nxg4 36. Na5 Nf6 37. Rd1 Ne4 38. Rc1 Kg7 39. Kg2 Kf6 40. f3 Nd2 41. Kf2 Ke5 42. Ke3 Nc4+ 43. Nxc4+ bxc4 44. Rxc4 Ra3+ 45. Ke2 Ra2+ 46. Ke3 Ra3+ 47. Ke2 f5 48. g4 Rb3 49. gxf5 Kxf5 50. Kf2 g5 51. Kg2 h5 52. Rd4 Rb2+ 53. Kg1 h4 54. Kf1 Ke5 55. Rg4 Kf5 56. Rd4 h3 57. Kg1 Rg2+ 58. Kf1 Rb2 59. Kg1 Rg2+ 60. Kf1 Rg3 61. Kf2 Rg2+ 62. Kf1 Ke5 63. Rc4 Kd5 64. Re4 Rg3 65. Kf2 h2 66. Re1 Rg1 67. Rxg1 hxg1Q+ 68. Kxg1 Kc4 69. Kg2 Kxb4 70. Kg3 Kxc5 71. Kg4 Kd5 72. Kxg5 c5 73. f4 c4 74. f5 c3 75. f6 c2 76. f7 c1Q+ 77. Kf6 Qh6+ 78. Ke7 Qg7 79. Ke8 Kd4 0-1

[Event "Lienz op 21st"]
[Site "Lienz"]
[Date "2023.02.17"]
[Round "8"]
[White "Bodiroga, Predrag"]
[Black "Marakovits, Nico"]
[Result "1-0"]
[WhiteElo "2307"]
[BlackElo "2096"]
[PlyCount "90"]
[EventDate "2023.02.11"]
[EventType "swiss"]
[EventRounds "9"]
[EventCountry "AUT"]
[SourceTitle "CBM 212 Extra"]
[Source "ChessBase"]
[SourceDate "2023.03.31"]
[SourceVersion "1"]
[SourceVersionDate "2023.03.31"]
[SourceQuality "1"]

1. d4 Nf6 2. c4 e6 3. Nc3 Bb4 4. Qc2 0-0 5. Nf3 d5 6. cxd5 exd5 7. Bg5 h6 8. Bh4 c5 9. e3 g5 10. Bg3 Ne4 11. Bd3 Bf5 12. dxc5 Nd7 13. Nd4 Bg6 14. f3 Bxc3+ 15. bxc3 Nxg3 16. hxg3 Qf6 17. Bxg6 fxg6 18. 0-0 Nxc5 19. c4 Rad8 20. Rad1 b6 21. cxd5 Rxd5 22. Nb5 Rxd1 23. Rxd1 Re8 24. Rd6 Re6 25. Qc4 Qe5 26. Kh2 Kg7 27. Rd8 h5 28. f4 Qxe3 29. Nc7 gxf4 30. Nxe6+ Nxe6 31. Rd7+ Kf6 32. gxf4 h4 33. Rd3 Qxf4+ 34. Qxf4+ Nxf4 35. Rd7 g5 36. Rxa7 g4 37. Rd7 g3+ 38. Kh1 Ke6 39. Rh7 Nd5 40. Rxh4 Nc3 41. Rb4 Nxa2 42. Rxb6+ Kf5 43. Rc6 Nb4 44. Rc5+ Ke6 45. Rc3 Kd5 1-0

[Event "Lienz op 21st"]
[Site "Lienz"]
[Date "2023.02.16"]
[Round "7"]
[White "Marakovits, Nico"]
[Black "Lerch, Johannes"]
[Result "1/2-1/2"]
[WhiteElo "2096"]
[BlackElo "2278"]
[PlyCount "44"]
[EventDate "2023.02.11"]
[EventType "swiss"]
[EventRounds "9"]
[EventCountry "AUT"]
[SourceTitle "CBM 212 Extra"]
[Source "ChessBase"]
[SourceDate "2023.03.31"]
[SourceVersion "1"]
[SourceVersionDate "2023.03.31"]
[SourceQuality "1"]

1. c4 e6 2. Nc3 d5 3. d4 a6 4. cxd5 exd5 5. Bf4 Nf6 6. e3 Bd6 7. Bxd6 Qxd6 8. Bd3 0-0 9. Qc2 b6 10. Nf3 c5 11. dxc5 bxc5 12. 0-0 Nbd7 13. b3 Bb7 14. Rfd1 Rac8 15. Rac1 g6 16. Be2 Qe7 17. Qb2 Rfd8 18. Na4 Ne4 19. Nd2 Nef6 20. Nf3 Ne4 21. Nd2 Nef6 22. Nf3 Ne4 1/2-1/2

[Event "AUT-chT2M 2122"]
[Site "Austria"]
[Date "2021.10.22"]
[Round "4.5"]
[White "Wildner, Reinhard"]
[Black "Marakovits, Nico"]
[Result "0-1"]
[WhiteElo "2003"]
[BlackElo "2221"]
[PlyCount "48"]
[EventDate "2021.10.01"]
[EventType "team-tourn"]
[EventRounds "11"]
[EventCountry "AUT"]
[SourceTitle "EXT 2023"]
[Source "ChessBase"]
[SourceDate "2022.10.05"]
[SourceVersion "1"]
[SourceVersionDate "2022.10.05"]
[SourceQuality "1"]
[WhiteTeam "Graz Schachgesellschaft"]
[BlackTeam "Fuerstenfeld/Hartberg"]
[WhiteTeamCountry "AUT"]
[BlackTeamCountry "AUT"]

1. e4 c5 2. d4 cxd4 3. c3 Nf6 4. e5 Nd5 5. cxd4 Nc6 6. Bc4 Nb6 7. Bb3 d6 8. Nf3 dxe5 9. Nxe5 e6 10. Nxc6 bxc6 11. 0-0 Bd6 12. Nd2 Bb4 13. a3 Ba5 14. Qh5 Nd5 15. Ne4 0-0 16. Bc2 f5 17. Nc5 Bb6 18. Re1 Qd6 19. b4 a5 20. Bd2 axb4 21. axb4 Rxa1 22. Rxa1 Nxb4 23. Ne4 Qe7 24. Bg5 Qd7 0-1

[Event "AUT-chT2M 2122"]
[Site "Austria"]
[Date "2021.10.02"]
[Round "2.5"]
[White "Marakovits, Nico"]
[Black "Ofner, Maximilian"]
[Result "1-0"]
[WhiteElo "2221"]
[BlackElo "2192"]
[PlyCount "87"]
[EventDate "2021.10.01"]
[EventType "team-tourn"]
[EventRounds "11"]
[EventCountry "AUT"]
[SourceTitle "CBM 204 Extra"]
[Source "ChessBase"]
[SourceDate "2021.11.30"]
[SourceVersion "1"]
[SourceVersionDate "2021.11.30"]
[SourceQuality "1"]
[WhiteTeam "Fuerstenfeld/Hartberg"]
[BlackTeam "Gleisdorf"]
[WhiteTeamCountry "AUT"]
[BlackTeamCountry "AUT"]

1. d4 d5 2. c4 e6 3. Nc3 Nf6 4. cxd5 exd5 5. Bg5 Be7 6. e3 c6 7. Qc2 Nbd7 8. Bd3 Nh5 9. Bxe7 Qxe7 10. 0-0-0 g6 11. Nf3 Nb6 12. h3 Ng7 13. g4 Be6 14. Ne2 0-0-0 15. Nf4 h5 16. Ne5 g5 17. Ne2 hxg4 18. hxg4 Nd7 19. f3 Nxe5 20. dxe5 Qc7 21. Qc3 Qb6 22. Bh7 Qa6 23. Nd4 Qxa2 24. Bd3 Kb8 25. Kd2 Rxh1 26. Rxh1 c5 27. Nb5 Ne8 28. Qxc5 Qxb2+ 29. Bc2 Qxe5 30. Qxa7+ Kc8 31. Qc5+ Nc7 32. Ra1 Kd7 33. Ba4 Ra8 34. Na7+ b5 35. Bxb5+ Nxb5 36. Qxb5+ Ke7 37. Nc6+ Kf6 38. Nxe5 Rxa1 39. Qb2 Rh1 40. Nc6+ Kg6 41. Ne7+ Kh7 42. Qb8 Kg7 43. Qe5+ Kf8 44. Nxd5 1-0

[Event "AUT-chT2M 2021"]
[Site "Graz"]
[Date "2021.04.11"]
[Round "5.3"]
[White "Teuschler, Barbara"]
[Black "Marakovits, Nico"]
[Result "1/2-1/2"]
[WhiteElo "2109"]
[BlackElo "2214"]
[PlyCount "103"]
[EventDate "2021.03.12"]
[EventType "team-tourn"]
[EventRounds "5"]
[EventCountry "AUT"]
[SourceTitle "EXT 2022"]
[Source "ChessBase"]
[SourceDate "2021.10.06"]
[SourceVersion "1"]
[SourceVersionDate "2021.10.06"]
[SourceQuality "1"]
[WhiteTeam "Graz Schachfreunde"]
[BlackTeam "Fuerstenfeld/Hartberg"]
[WhiteTeamCountry "AUT"]
[BlackTeamCountry "AUT"]

1. e4 c5 2. Nf3 e6 3. d4 cxd4 4. Nxd4 Nc6 5. Nc3 Nf6 6. Ndb5 Bb4 7. a3 Bxc3+ 8. Nxc3 d5 9. exd5 exd5 10. Bd3 0-0 11. 0-0 d4 12. Ne2 Bg4 13. Bg5 Re8 14. Re1 Qd6 15. Qd2 Bxe2 16. Rxe2 Rxe2 17. Qxe2 Re8 18. Qd2 Ng4 19. Bf4 Qe6 20. h3 Nge5 21. Bxe5 Qxe5 22. Rd1 g6 23. Bf1 Kg7 24. g3 Rd8 25. Re1 Qf5 26. Qd3 Qxd3 27. Bxd3 Kf6 28. f4 h5 29. Kf2 b6 30. g4 hxg4 31. hxg4 Kg7 32. Bb5 Rc8 33. Kf3 Na5 34. Re2 Nc4 35. Bxc4 Rxc4 36. Rf2 f5 37. g5 Kf7 38. Rd2 a6 39. b3 Rc3+ 40. Kf2 Ke6 41. Rxd4 Rxc2+ 42. Ke1 Rc3 43. Rb4 b5 44. a4 Rc5 45. Kd2 Rd5+ 46. Kc3 Kd6 47. axb5 axb5 48. Rd4 Kc6 49. Rxd5 Kxd5 50. Kd3 Kc5 51. Kc3 b4+ 52. Kd3 1/2-1/2